Personal space; the behavioral basis of design. (Record no. 11513)

000 -LEADER
fixed length control field 00532nam a2200193 4500
003 - CONTROL NUMBER IDENTIFIER
control field OSt
005 - DATE AND TIME OF LATEST TRANSACTION
control field 20230703154257.0
008 - FIXED-LENGTH DATA ELEMENTS--GENERAL INFORMATION
fixed length control field 690421s1969 nju b 001 0 eng
020 ## - INTERNATIONAL STANDARD BOOK NUMBER
International Standard Book Number 9780954723965
082 00 - DEWEY DECIMAL CLASSIFICATION NUMBER
Classification number 155.96
Item number SOM
100 1# - MAIN ENTRY--PERSONAL NAME
Personal name Sommer, Robert.
245 00 - TITLE STATEMENT
Title Personal space; the behavioral basis of design.
260 ## - PUBLICATION, DISTRIBUTION, ETC. (IMPRINT)
Place of publication, distribution, etc Englewood Cliffs, N.J.,
Name of publisher, distributor, etc Prentice-Hall
Date of publication, distribution, etc [1969]
300 ## - PHYSICAL DESCRIPTION
Extent xi, 177 p.
Dimensions 22 cm.
490 0# - SERIES STATEMENT
Series statement A Spectrum book
504 ## - BIBLIOGRAPHY, ETC. NOTE
Bibliography, etc Bibliographical footnotes.
650 #0 - SUBJECT ADDED ENTRY--TOPICAL TERM
Topical term or geographic name as entry element Personal space.
942 ## - ADDED ENTRY ELEMENTS (KOHA)
Source of classification or shelving scheme
Holdings
Withdrawn status Lost status Source of classification or shelving scheme Damaged status Koha normalized classification for sorting Not for loan Permanent location Current location Date acquired Source of acquisition Cost, normal purchase price Full call number Barcode Date last seen Cost, replacement price Price effective from Koha item type Public note
        155_960000000000000_SOM Not For Loan BMS College of Architecture, Design and Planning BMS College of Architecture, Design and Planning 2023-07-03 1 1702.59 155.96 SOM AR-PG630 2023-07-03 2340.31 2023-07-03 PG Books S-06
        155_960000000000000_SOM   BMS College of Architecture, Design and Planning BMS College of Architecture, Design and Planning 2023-07-03 1 1702.59 155.96 SOM AR-PG631 2023-07-03 2340.31 2023-07-03 PG Books S-06
        155_960000000000000_SOM   BMS College of Architecture, Design and Planning BMS College of Architecture, Design and Planning 2023-07-21 1 1700.00 155.96 SOM AR-PG634 2023-07-21 2340.31 2023-07-21 PG Books S-06
Copyright © 2025, The Librarian, Library and Information Centre, BMSCA D&P, Bengaluru. All Rights Reserved
web counter

Powered by Koha